000 00989cab a2200301 4500
001 ABS51866
008 090401t1994 xxu||||| |||| 00| 0 eng d
035 _a(Sirsi) u47745
041 _aeng
100 _aRussell, P.J.
245 _aHong Kong`s airport railway
260 _c1994
350 _a0
490 _aCivil Engineering Surveyor
_v19(9) November 1994, 21-27(3)
520 _aDetails of the Airport Express and the Lantau Line services, which will form the airport railway; the awarding of contracts, construction and project management and development over and beside the railway.
650 _aAIRPORT RAILWAY
650 _aAIRPORTS
650 _aCHEK LAP KOK AIRPORT
650 _aCONSTRUCTION MARKET
650 _aHONG KONG AIRPORT
650 _aHONG KONG
650 _aLANTAU LINE
650 _aMASS TRANSIT RAILWAY CORPORATION
690 _aOVERSEAS-REST OF THE WORLD
690 _aTRANSPORT AND COMMUNICATIONS
942 _n0
948 _c04/03/1997
999 _c30081
_d30081